Las Vegas Casinos In Movies Quiz Stats

 Plays Quiz not verified by Sporcle

Score 0/10 Timer 04:00
0 Plays Today
% Correct
B.) Bellagio - Ocean's Eleven (2001)
65.5%
A.) Flamingo - Bugsy (1991)
64%
B.) Caesars Palace - The Hangover (2009)
62.9%
D.) Bazooko Circus - Fear and Loathing in Las Vegas (1998)
54.5%
A.) Tangiers - Casino (1995)
53.5%
D.) Wooden Nickel Casino - Looney Tunes: Back in Action (2003)
49.1%
C.) Shangri-La - The Cooler (2003)
44.7%
C.) Lotus Casino - Percy Jackson and the Olympians: The Lightning Thief (2010)
44.7%
B.) The Bank - Ocean's Thirteen (2007)
44%
D.) Planet Hollywood - 21 (2008)
36.4%

You're not logged in!

Compare scores with friends on all Sporcle quizzes.
OR
Log In

Sporcle TV

Today on Sporcle TV


Watch our educational content, quiz creation guides, and fun videos on Sporcle TV.

Show Comments

Extras

Top Quizzes Today


Score Distribution

Your Account Isn't Verified!

In order to create a playlist on Sporcle, you need to verify the email address you used during registration. Go to your Sporcle Settings to finish the process.

Report this User

Report this user for behavior that violates our Community Guidelines.

Details: